| 000 | 01478nam a22004457a 4500 | ||
|---|---|---|---|
| 003 | CHAP | ||
| 005 | 20220817044130.0 | ||
| 008 | 061026d2003 it d rn 00110 eng d | ||
| 010 | _a92942 | ||
| 011 | _a93914 | ||
| 020 | _a9251050414 | ||
| 035 | _a104497 | ||
| 040 | _cCHAP | ||
| 082 | 0 | 4 |
_a339.9 _bF3 v.153 |
| 110 | 2 | _aFAO | |
| 245 | 1 | 0 |
_aFood security in the Russian Federation _c/by David Sedik, Sergey Sotnikov and Doris Wiesmann |
| 260 |
_aRome : _bFAO, _c2003 |
||
| 300 |
_a114 p. : _bgráfs. ; tablas |
||
| 410 | 2 | 1 | _aFAO |
| 490 | 0 |
_aDesarrollo económico y social _v;153 |
|
| 590 |
_aBATCH-UPD _b10 _c20130110 _lUCH01 _h0237 |
||
| 590 |
_aBATCH-UPD _b10 _c20130110 _lUCH01 _h1323 |
||
| 590 |
_aBATCH-UPD _b10 _c20130409 _lUCH01 _h2302 |
||
| 590 |
_aBATCH-UPD _b10 _c20130410 _lUCH01 _h1234 |
||
| 590 |
_aBATCH-UPD _b10 _c20130914 _lUCH01 _h0211 |
||
| 590 |
_aBATCH-UPD _b10 _c20130914 _lUCH01 _h2011 |
||
| 590 |
_aCONVERSION _b10 _c20130109 _lUCH01 _h1351 |
||
| 650 | 1 | 4 |
_aAlimentos _xAbastecimiento _zRusia. _94158 |
| 650 | 1 | 4 |
_aAlimentos _xInspección. _94239 |
| 650 | 1 | 4 |
_aRusia _xCondiciones económicas. _9100931 |
| 700 | 1 |
_aSedik, David _9103570 |
|
| 700 | 1 |
_aSotnikov, Sergey _9108848 |
|
| 700 | 1 |
_aWiesmann, Doris _9121856 |
|
| 810 | 0 | _aFAO | |
| 830 | 0 | 0 |
_aDesarrollo económico y social _v;153 _932058 |
| 901 | _aBK | ||
| 905 | _aMarco A. Mendoza T. | ||
| 942 | _cLIBRO | ||
| 949 |
_a339.9 F3 v.153 _bBC _cFAO _d33724000997011 _eFAO1 _gDonaciØn _h108350 _i104497 _sb |
||
| 999 |
_c92942 _d92942 |
||